| 000 | 00742nam a2200229 4500 | ||
|---|---|---|---|
| 001 | 174699 | ||
| 003 | ES-MaACL | ||
| 005 | 20230906215625.0 | ||
| 008 | 100519s2000 sp abf |||| |deng d | ||
| 017 | _aMA 183-1993 | ||
| 020 | _a84-89954-13-5 | ||
| 080 | _a94(460) | ||
| 100 | 1 |
_aWilliams, Mark. _9142896 |
|
| 245 | 1 | 4 |
_aThe story of Spain _b: [the dramatic history of Europes most fascinating country] / _cby Mark R. Williams. |
| 260 |
_aFuengirola (Málaga) : _bSantana, _c2000. |
||
| 300 |
_a284 p., [16] p. de lám. col. : _bil., mapas ; _c23 cm. |
||
| 500 | _aÍndice. | ||
| 504 | _aBibliografía: p. 268-269. | ||
| 651 | 7 |
_aEspaña- _xHistoria. _98209 |
|
| 651 | 4 |
_aEspaña- _xHistoria. _98209 |
|
| 852 | 4 |
_aES-MaACL _jC-57217 |
|
| 999 |
_c174699 _d174699 |
||